[Event "Hillerod Byturnering Mesterklassen 2012"]
[Site "Hillerod"]
[Date "2012.05.01"]
[Round "1"]
[White "Andersen, Ib Hother"]
[Black "Percivaldi, Martin"]
[Result "0-1"]
[WhiteElo "2201"]
[BlackElo "1881"]
[PlyCount "82"]
[EventDate "2012.??.??"]

1. e4 e6 2. d4 d5 3. Nd2 Be7 4. Ngf3 Nf6 5. Bd3 c5 6. e5 Nfd7 7. c3 b6 8. Qe2
Bb7 9. O-O Nc6 10. a3 a5 11. b3 cxd4 12. cxd4 Qc8 13. Bb2 Ba6 14. Rfc1 Bxd3 15.
Qxd3 Qb7 16. Nf1 O-O 17. Ng3 Rfc8 18. h4 Qa6 19. Qe3 Na7 20. Nh5 Rxc1+ 21. Bxc1
Bf8 22. Ng5 h6 23. Nh3 Nc6 24. g4 Ne7 25. Ng3 a4 26. h5 axb3 27. Qxb3 Qa4 28.
Qd3 Rc8 29. Be3 Rc4 30. g5 Nc6 31. g6 f6 32. exf6 Nxf6 33. Qe2 Rc2 34. Qd1 Bd6
35. Ne2 Qc4 36. Nef4 e5 37. Ne6 exd4 38. Nxd4 Nxd4 39. Bxd4 Bc5 40. Bxc5 Qxc5
41. Nf4 Qxf2+ 0-1

[Event "Hillerod Byturnering Mesterklassen 2012"]
[Site "Hillerod"]
[Date "2012.05.01"]
[Round "1"]
[White "Petersen, Peter Birk"]
[Black "Sorensen, Per Settergren"]
[Result "1-0"]
[WhiteElo "2153"]
[BlackElo "2069"]
[PlyCount "104"]
[EventDate "2012.??.??"]

1. e4 e5 2. Nf3 Nc6 3. Bb5 a6 4. Ba4 Nf6 5. O-O Be7 6. Re1 b5 7. Bb3 d6 8. c3
O-O 9. h3 Na5 10. Bc2 c5 11. d4 Qc7 12. Nbd2 Nc6 13. a4 cxd4 14. cxd4 Nb4 15.
Bb3 bxa4 16. Bxa4 a5 17. Ra3 Ba6 18. Rc3 Qa7 19. Nf1 d5 20. Ng3 dxe4 21. Nxe5
Rad8 22. Nf5 Bd6 23. Bf4 Bxe5 24. Bxe5 Nbd5 25. Rc6 Bc8 26. Nxg7 Nd7 27. Nh5
Nxe5 28. dxe5 Bf5 29. Qc1 e3 30. fxe3 Bg6 31. Nf6+ Kh8 32. Nxd5 Rxd5 33. e6
fxe6 34. Rc7 Qb6 35. Qc3+ e5 36. Bb3 Rb5 37. Rd1 Qf6 38. Rc8 Rb8 39. Rxb8 Rxb8
40. Rf1 Qe7 41. Bd5 Rb4 42. b3 Kg7 43. Ra1 Qg5 44. Rxa5 Rh4 45. Kh2 Kh6 46. Bf3
Qe7 47. Qxe5 Qxe5+ 48. Rxe5 Rb4 49. Bd5 Bc2 50. g4 Bxb3 51. Bxb3 Rxb3 52. Kg3
Kg6 1-0

[Event "Hillerod Byturnering Mesterklassen 2012"]
[Site "Hillerod"]
[Date "2012.05.01"]
[Round "1"]
[White "Schou Moldt, Thomas"]
[Black "Pedersen, Christopher RNH"]
[Result "1-0"]
[WhiteElo "2197"]
[BlackElo "2062"]
[PlyCount "81"]
[EventDate "2012.??.??"]

1. e4 c5 2. Nf3 d6 3. d4 cxd4 4. Nxd4 Nf6 5. Nc3 a6 6. a3 e6 7. f4 Qc7 8. Bd3
Nbd7 9. O-O Be7 10. g4 Nc5 11. g5 Nfd7 12. Be2 Nb6 13. a4 g6 14. a5 Nbd7 15.
Ra3 b5 16. b4 Nb7 17. Bb2 Rg8 18. Bxb5 Nd8 19. Be2 e5 20. Nd5 Qa7 21. fxe5 dxe5
22. Rf2 exd4 23. Bxd4 Qb8 24. Nxe7 Kxe7 25. Bg4 Qb5 26. Bxd7 Qxd7 27. Bf6+ Ke8
28. Rd3 Qg4+ 29. Qxg4 Bxg4 30. Rfd2 Ne6 31. h3 Bh5 32. b5 axb5 33. a6 Be2 34.
Rxe2 Rxa6 35. Red2 Ra8 36. Rd5 Rb8 37. Rd7 Rg7 38. Re7+ Kf8 39. Rdd7 Rc8 40.
Bxg7+ Nxg7 41. Rxf7+ 1-0

[Event "Hillerod Byturnering Mesterklassen 2012"]
[Site "Hillerod"]
[Date "2012.05.01"]
[Round "1"]
[White "Knudsen, Jes West"]
[Black "Tandrup, Michael"]
[Result "1-0"]
[WhiteElo "1913"]
[BlackElo "1960"]
[PlyCount "33"]
[EventDate "2012.??.??"]

1. e4 g6 2. Bc4 Bg7 3. h4 h5 4. Qf3 e6 5. Nc3 Nc6 6. d3 Ne5 7. Qg3 Nxc4 8. dxc4
Qe7 9. Qxc7 Qb4 10. Bd2 Qxb2 11. Rb1 Qxc2 12. Rc1 Qd3 13. Rh3 Qd4 14. Nf3 Qb6
15. Nb5 Kf8 16. Be3 Qc6 17. Qd8# 1-0

[Event "Hillerod Byturnering Mesterklassen 2012"]
[Site "Hillerod"]
[Date "2012.05.08"]
[Round "2"]
[White "Knudsen, Jes West"]
[Black "Schou Moldt, Thomas"]
[Result "0-1"]
[WhiteElo "1913"]
[BlackElo "2197"]
[PlyCount "60"]
[EventDate "2012.??.??"]

1. e4 d6 2. d4 g6 3. f4 Bg7 4. Nf3 Nf6 5. Nc3 O-O 6. e5 Nfd7 7. h4 c5 8. h5
cxd4 9. Qxd4 dxe5 10. Qg1 g5 11. h6 Bh8 12. Rh5 Bf6 13. fxg5 Bh8 14. Bd3 Qb6
15. Nd5 Qa5+ 16. Bd2 Qxd5 17. Bxh7+ Kxh7 18. g6+ Kxg6 19. Qe3 f6 20. O-O-O Kf7
21. Bc3 Qc4 22. Rh4 Qe6 23. h7 Qf5 24. Qe2 Nc6 25. Rh5 Qxh5 26. Nxe5+ Qxe5 27.
Bxe5 Ndxe5 28. Qh5+ Kg7 29. Rh1 Bg4 30. Qh6+ Kf7 0-1

[Event "Hillerod Byturnering Mesterklassen 2012"]
[Site "Hillerod"]
[Date "2012.05.08"]
[Round "2"]
[White "Pedersen, Christopher RNH"]
[Black "Andersen, Ib Hother"]
[Result "1-0"]
[WhiteElo "2062"]
[BlackElo "2201"]
[PlyCount "61"]
[EventDate "2012.??.??"]

1. e4 e6 2. d4 d5 3. Nc3 Bb4 4. e5 c5 5. a3 Bxc3+ 6. bxc3 Ne7 7. Qg4 Kf8 8. Bd3
Qa5 9. Bd2 Qa4 10. Nf3 c4 11. Be2 Qxc2 12. O-O Bd7 13. a4 Nbc6 14. Rfc1 Qf5 15.
Qg3 Ng6 16. h4 f6 17. exf6 gxf6 18. h5 Nge7 19. Nh4 Qe4 20. Bf3 Qd3 21. Bh6+
Ke8 22. Qg7 Rg8 23. Qxf6 Kd8 24. Ra2 Kc7 25. Qf4+ Kb6 26. Qd6 Rad8 27. Rb2+ Ka6
28. a5 Bc8 29. Qc7 Rd7 30. Rb6+ Kxa5 31. Ra1# 1-0

[Event "Hillerod Byturnering Mesterklassen 2012"]
[Site "Hillerod"]
[Date "2012.05.08"]
[Round "2"]
[White "Percivaldi, Martin"]
[Black "Petersen, Peter Birk"]
[Result "1-0"]
[WhiteElo "1881"]
[BlackElo "2153"]
[PlyCount "67"]
[EventDate "2012.??.??"]

1. c4 Nf6 2. g3 e5 3. Bg2 g6 4. Nc3 Bg7 5. e4 d6 6. d3 Nc6 7. Nge2 O-O 8. O-O
Nh5 9. Nd5 f5 10. Rb1 h6 11. f4 Nf6 12. b4 fxe4 13. Nxf6+ Rxf6 14. Bxe4 Bg4 15.
Qe1 Bxe2 16. Qxe2 Nd4 17. Qg2 c6 18. fxe5 Rxf1+ 19. Qxf1 dxe5 20. Bxg6 Qe7 21.
Be4 Rf8 22. Qg2 h5 23. Be3 Qd6 24. b5 Bh6 25. Bxh6 Qxh6 26. Re1 Rf7 27. bxc6
bxc6 28. Qb2 Qg5 29. Bg2 Kg7 30. Kh1 c5 31. Bd5 Rf6 32. Qb7+ Kh6 33. Qb8 Ne2
34. Qh8+ 1-0

[Event "Hillerod Byturnering Mesterklassen 2012"]
[Site "Hillerod"]
[Date "2012.05.08"]
[Round "2"]
[White "Tandrup, Michael"]
[Black "Sorensen, Per Settergren"]
[Result "1/2-1/2"]
[WhiteElo "1960"]
[BlackElo "2069"]
[PlyCount "116"]
[EventDate "2012.??.??"]

1. Nf3 Nf6 2. g3 g6 3. Bg2 Bg7 4. d3 d5 5. Nbd2 c5 6. e4 dxe4 7. dxe4 Nc6 8.
O-O O-O 9. c3 Qc7 10. Qc2 b6 11. Re1 e5 12. Nc4 Be6 13. Ne3 Rfd8 14. Ng5 Bd7
15. Nd5 Qb7 16. Qb3 Be8 17. h3 Na5 18. Nxf6+ Bxf6 19. Qc2 Rac8 20. Nf3 Bg7 21.
Nh2 Rd6 22. Nf1 Bb5 23. f3 Bd3 24. Qf2 Bxf1 25. Bxf1 c4 26. Be3 Rcd8 27. Be2
Qd7 28. Qf1 b5 29. Rad1 Qc7 30. Rxd6 Rxd6 31. Rd1 Nc6 32. Rxd6 Qxd6 33. Qd1
Qxd1+ 34. Bxd1 Bf8 35. a4 a6 36. axb5 axb5 37. b3 Na5 38. bxc4 Nxc4 39. Kf2 Ba3
40. Ke2 Bb2 41. Bd2 Kf8 42. Kd3 Ke7 43. Bb3 Nd6 44. Bg5+ f6 45. Be3 Ba3 46. Bd5
h5 47. f4 Kd7 48. fxe5 fxe5 49. Bh6 Nc8 50. Bf7 Ne7 51. Bf8 Bc5 52. Bxe7 Kxe7
53. Bxg6 Bf2 54. g4 hxg4 55. hxg4 Bh4 56. Bf5 Kd6 57. Kc2 Kc5 58. Kb3 Bg5
1/2-1/2

[Event "Hillerod Byturnering Mesterklassen 2012"]
[Site "Hillerod"]
[Date "2012.05.15"]
[Round "3"]
[White "Schou Moldt, Thomas"]
[Black "Tandrup, Michael"]
[Result "1/2-1/2"]
[WhiteElo "2197"]
[BlackElo "1960"]
[PlyCount "77"]
[EventDate "2012.??.??"]

1. Nf3 Nf6 2. g3 g6 3. Bg2 Bg7 4. O-O O-O 5. d3 d5 6. Nbd2 b6 7. e4 dxe4 8.
dxe4 Bb7 9. e5 Ne4 10. Re1 Nxd2 11. Bxd2 e6 12. Qc1 c5 13. Bh6 Qc7 14. Qf4 Bxh6
15. Qxh6 Bxf3 16. Bxf3 Nc6 17. Bxc6 Qxc6 18. Re3 Rfd8 19. Qf4 Rd4 20. Qf6 Rad8
21. Rf3 Qe8 22. Re1 R8d7 23. Qg5 Qd8 24. Qe3 Rd1 25. Kg2 Rxe1 26. Qxe1 Rd2 27.
Qe4 g5 28. h3 Rd4 29. Qb7 Rd7 30. Qe4 Rd4 31. Qe3 h6 32. Kh2 Qd5 33. Qa3 Kg7
34. Kg2 a5 35. Qb3 Qc6 36. Qc3 Qd5 37. Qb3 Qc6 38. Qc3 Qd5 39. Qb3 1/2-1/2

[Event "Hillerod Byturnering Mesterklassen 2012"]
[Site "Hillerod"]
[Date "2012.05.15"]
[Round "3"]
[White "Sorensen, Per Settergren"]
[Black "Percivaldi, Martin"]
[Result "1-0"]
[WhiteElo "2069"]
[BlackElo "1881"]
[PlyCount "101"]
[EventDate "2012.??.??"]

1. e4 e6 2. d4 d5 3. Nc3 Bb4 4. e5 c5 5. a3 Bxc3+ 6. bxc3 Qa5 7. Bd2 Qa4 8. Qb1
c4 9. h4 Nc6 10. h5 h6 11. Ne2 Bd7 12. Nf4 O-O-O 13. g3 Nge7 14. Bh3 Kb8 15.
O-O Bc8 16. Re1 Rhf8 17. Ra2 Rde8 18. Qd1 Nd8 19. Bg4 Qa5 20. a4 Bd7 21. Qa1 g6
22. Bc1 g5 23. Ng2 f5 24. exf6 Rxf6 25. Ba3 Qc7 26. a5 Nec6 27. Bc5 e5 28. Ne3
Bxg4 29. Nxg4 Rfe6 30. Rb1 Ka8 31. Bb6 Qc8 32. a6 R6e7 33. Bxd8 Rxd8 34. Nxe5
b6 35. Nxc6 Qxc6 36. Re1 Rf7 37. Re5 Qf6 38. Qe1 Rff8 39. Ra1 Qf3 40. Re7 Qf5
41. Qe3 Rb8 42. Re5 Qf7 43. Re1 b5 44. Re2 Qd7 45. Re6 Qh7 46. Qe5 Qd7 47. Rd6
Qf5 48. Rxd5 Qf7 49. Qe4 Qf3 50. Rd6+ Qxe4 51. Rxe4 1-0

[Event "Hillerod Byturnering Mesterklassen 2012"]
[Site "Hillerod"]
[Date "2012.05.15"]
[Round "3"]
[White "Petersen, Peter Birk"]
[Black "Pedersen, Christopher RNH"]
[Result "1-0"]
[WhiteElo "2153"]
[BlackElo "2062"]
[PlyCount "79"]
[EventDate "2012.??.??"]

1. e4 c5 2. Nf3 d6 3. d4 cxd4 4. Nxd4 Nf6 5. Nc3 a6 6. Be2 e6 7. O-O Be7 8. f4
Qc7 9. Kh1 O-O 10. Qe1 b5 11. a3 Bb7 12. Bd3 g6 13. f5 e5 14. Nf3 gxf5 15. Bh6
Kh8 16. Bxf8 Bxf8 17. exf5 Nbd7 18. Ng5 Nc5 19. Qh4 Nxd3 20. cxd3 Qe7 21. Nce4
h6 22. Nxf7+ Qxf7 23. Qxf6+ Qxf6 24. Nxf6 Kg7 25. Nh5+ Kf7 26. Rac1 Rc8 27.
Rxc8 Bxc8 28. g4 Be7 29. Rc1 Bb7+ 30. Kg1 Bd8 31. Kf2 Bb6+ 32. Ke2 a5 33. b4 a4
34. h4 e4 35. g5 exd3+ 36. Kxd3 hxg5 37. hxg5 Bf3 38. g6+ Ke7 39. f6+ Ke6 40.
Re1+ 1-0

[Event "Hillerod Byturnering Mesterklassen 2012"]
[Site "Hillerod"]
[Date "2012.05.22"]
[Round "3"]
[White "Andersen, Ib Hother"]
[Black "Knudsen, Jes West"]
[Result "1-0"]
[WhiteElo "2201"]
[BlackElo "1913"]
[PlyCount "83"]
[EventDate "2012.??.??"]

1. e4 Nf6 2. e5 Nd5 3. c4 Nb6 4. b3 c5 5. Bb2 d5 6. exd6 Qxd6 7. d4 cxd4 8.
Qxd4 Qxd4 9. Bxd4 Nc6 10. Bc3 e5 11. Nf3 Nb4 12. Na3 f6 13. Be2 N4d5 14. Bb2
Nf4 15. Nb5 Nxg2+ 16. Kf1 Bh3 17. Nc7+ Kf7 18. Nxa8 Bb4 19. Bd1 Nf4+ 20. Kg1
Rxa8 21. Nxe5+ fxe5 22. Bxe5 Nd3 23. Bd4 Rd8 24. Be3 Re8 25. Bf3 Rxe3 26. fxe3
Bd2 27. Bg2 Bxe3+ 28. Kf1 Bf5 29. Ke2 Bh6 30. Bxb7 Nd7 31. Raf1 Kf6 32. Rxf5+
Kxf5 33. Kxd3 Nc5+ 34. Kd4 Nxb7 35. Kd5 Bf4 36. c5 a5 37. Rf1 Nd8 38. a3 g5 39.
b4 axb4 40. axb4 Kg4 41. b5 Bxh2 42. Rh1 1-0

[Event "Hillerod Byturnering Mesterklassen 2012"]
[Site "Hillerod"]
[Date "2012.05.29"]
[Round "4"]
[White "Schou Moldt, Thomas"]
[Black "Andersen, Ib Hother"]
[Result "1/2-1/2"]
[WhiteElo "2197"]
[BlackElo "2201"]
[PlyCount "110"]
[EventDate "2012.??.??"]

1. e4 e5 2. Nf3 Nc6 3. Bc4 Nf6 4. d3 Be7 5. c3 O-O 6. Bb3 d6 7. Nbd2 Na5 8. Bc2
c5 9. a3 Qc7 10. b4 Nc6 11. b5 Na5 12. Bb2 Bd7 13. a4 Rfe8 14. Nb3 c4 15. Nxa5
cxd3 16. Bxd3 Qxa5 17. O-O Rac8 18. c4 h6 19. Nd2 Be6 20. Kh1 Nd7 21. Ba3 Nc5
22. Bxc5 dxc5 23. Nb3 Qc7 24. Qc2 Rcd8 25. Rfd1 Rd7 26. Be2 Red8 27. h3 Rxd1+
28. Rxd1 Rxd1+ 29. Qxd1 b6 30. Qd3 Qd8 31. Qc3 Bd6 32. a5 Bc7 33. a6 g6 34. Kg1
Kh7 35. Qe3 Qd6 36. Qd3 Kg7 37. Qxd6 Bxd6 38. f3 f5 39. g4 Kf6 40. h4 Be7 41.
Kg2 Kf7 42. h5 fxe4 43. hxg6+ Kxg6 44. fxe4 Bc8 45. Kg3 Bg5 46. Na1 Bd2 47. Nb3
Be1+ 48. Kf3 Kg5 49. Ke3 Bc3 50. Kf2 Bxg4 51. Bxg4 Kxg4 52. Kg2 Bb4 53. Nc1 Bc3
54. Nb3 Bb4 55. Nc1 Bc3 1/2-1/2

[Event "Hillerod Byturnering Mesterklassen 2012"]
[Site "Hillerod"]
[Date "2012.05.29"]
[Round "4"]
[White "Tandrup, Michael"]
[Black "Percivaldi, Martin"]
[Result "1/2-1/2"]
[WhiteElo "1960"]
[BlackElo "1881"]
[PlyCount "83"]
[EventDate "2012.??.??"]

1. g3 c5 2. Bg2 Nc6 3. Nf3 g6 4. d3 Bg7 5. O-O e6 6. e4 Nge7 7. c3 d5 8. Nbd2
b6 9. Re1 O-O 10. Nf1 a5 11. Bg5 h6 12. Bxe7 Nxe7 13. exd5 exd5 14. d4 c4 15.
Ne5 b5 16. Qd2 Rb8 17. h4 Be6 18. Qe2 Rb6 19. Ne3 h5 20. Nf3 Bh6 21. Kh2 Qd6
22. Bh3 Bxh3 23. Kxh3 Qe6+ 24. Kg2 b4 25. Qc2 Qd6 26. Qa4 bxc3 27. bxc3 Nc6 28.
Nf1 Rfb8 29. Ne5 Nxe5 30. Rxe5 Rb5 31. Rae1 Qc6 32. Kg1 Kg7 33. Ne3 Bxe3 34.
R5xe3 Qf6 35. Kg2 Qd6 36. Re5 Qf6 37. R1e3 R8b6 38. Rf3 Qd6 39. Rfe3 Rb7 40.
Re8 Rb8 41. R8e5 Qc6 42. Re2 1/2-1/2

[Event "Hillerod Byturnering Mesterklassen 2012"]
[Site "Hillerod"]
[Date "2012.05.29"]
[Round "4"]
[White "Pedersen, Christopher RNH"]
[Black "Sorensen, Per Settergren"]
[Result "0-1"]
[WhiteElo "2062"]
[BlackElo "2069"]
[PlyCount "128"]
[EventDate "2012.??.??"]

1. e4 e5 2. Nf3 Nc6 3. d4 exd4 4. Nxd4 Bb4+ 5. c3 Bc5 6. Nxc6 bxc6 7. Bc4 Qf6
8. Qe2 d6 9. a4 a5 10. O-O Ne7 11. Be3 Bb6 12. Nd2 O-O 13. Qh5 h6 14. Rae1 d5
15. exd5 cxd5 16. Bxb6 cxb6 17. Rxe7 Qxe7 18. Bxd5 Ba6 19. Bxa8 Bxf1 20. Be4
Ba6 21. Qf5 g6 22. Qf4 Qg5 23. Qxg5 hxg5 24. g4 Kg7 25. b4 Be2 26. bxa5 bxa5
27. Nb3 Rc8 28. Nd4 Bxg4 29. Bc6 Rd8 30. Bb5 Kf6 31. Nc6 Ra8 32. c4 Bd7 33. Nd4
Bxb5 34. cxb5 Ke5 35. Nc6+ Kd6 36. Kg2 Kc7 37. Ne5 f6 38. Nc4 Rd8 39. Nxa5 Rd4
40. Nc6 Rxa4 41. Ne7 Kd7 42. Nxg6 Ke6 43. h4 gxh4 44. Kh3 Rb4 45. Nxh4 Rxb5 46.
Nf3 Rb3 47. Kg2 Rb8 48. Nd4+ Kd5 49. Ne2 Ke4 50. Ng3+ Ke5 51. Kf3 f5 52. Ne2
Rb3+ 53. Kg2 f4 54. f3 Rb2 55. Kf1 Rc2 56. Ke1 Rc4 57. Kd2 Kf5 58. Kd3 Ra4 59.
Nd4+ Ke5 60. Nc2 Kd5 61. Ke2 Kc4 62. Ne1 Ra2+ 63. Kf1 Kd4 64. Ng2 Rxg2 0-1

[Event "Hillerod Byturnering Mesterklassen 2012"]
[Site "Hillerod"]
[Date "2012.06.07"]
[Round "4"]
[White "Knudsen, Jes West"]
[Black "Petersen, Peter Birk"]
[Result "0-1"]
[WhiteElo "1913"]
[BlackElo "2153"]
[PlyCount "80"]
[EventDate "2012.??.??"]

1. e4 c5 2. Nf3 e6 3. d4 cxd4 4. Nxd4 Nc6 5. Nc3 Qc7 6. g3 a6 7. Nxc6 bxc6 8.
Bg2 Nf6 9. O-O Be7 10. Bf4 e5 11. Be3 d6 12. Na4 Be6 13. Qe2 O-O 14. Bb6 Qb7
15. c4 Nd7 16. Ba5 Rae8 17. f4 f5 18. exf5 Bxf5 19. g4 Bg6 20. f5 Bf7 21. Rae1
Bd8 22. Bd2 Nb6 23. Nxb6 Bxb6+ 24. Kh1 d5 25. c5 Bc7 26. b4 e4 27. Bc3 Be5 28.
Bxe5 Rxe5 29. Qb2 Qe7 30. g5 Bh5 31. f6 gxf6 32. gxf6 Rxf6 33. Rxf6 Qxf6 34.
Rf1 Qe7 35. Qa3 e3 36. Qxa6 e2 37. Rg1 e1=Q 38. Bxd5+ Kh8 39. Qxc6 Rxd5 40.
Qxd5 Q7e4+ 0-1

[Event "Hillerod Byturnering Mesterklassen 2012"]
[Site "Hillerod"]
[Date "2012.05.22"]
[Round "5"]
[White "Petersen, Peter Birk"]
[Black "Schou Moldt, Thomas"]
[Result "0-1"]
[WhiteElo "2153"]
[BlackElo "2197"]
[PlyCount "118"]
[EventDate "2012.??.??"]

1. e4 d6 2. d4 Nf6 3. Nc3 g6 4. Nf3 Bg7 5. Bg5 h6 6. Bf4 c5 7. e5 Nh5 8. Be3
cxd4 9. Bxd4 Nc6 10. exd6 Nxd4 11. Nxd4 Qxd6 12. Bb5+ Kf8 13. Nde2 Be5 14. Qxd6
Bxd6 15. O-O-O a6 16. Bc4 Kg7 17. Nd5 b5 18. Bb3 Bc5 19. f3 Bb7 20. Rd3 Rac8
21. Rhd1 a5 22. g4 Nf6 23. Nxf6 Kxf6 24. Ng3 Bd6 25. Bd5 Bf4+ 26. Kb1 Ba6 27.
Be4 Rc7 28. Rd5 e6 29. Rd7 Rhc8 30. a3 b4 31. a4 Rxd7 32. Rxd7 Rc5 33. Ra7 Bxg3
34. hxg3 Bc8 35. Kc1 h5 36. gxh5 Rxh5 37. g4 Rc5 38. Kd2 e5 39. g5+ Kxg5 40.
Rxf7 Bf5 41. Kd3 Kf4 42. c3 bxc3 43. bxc3 Kg5 44. Rb7 Bxe4+ 45. fxe4 Kf4 46.
Rf7+ Kg4 47. Rb7 Rc8 48. Rb5 Kf4 49. Rxa5 g5 50. Rd5 g4 51. Rd7 g3 52. Rf7+ Kg4
53. a5 g2 54. Rg7+ Kf3 55. a6 Rd8+ 56. Kc4 Rd1 57. a7 Ra1 58. Kd5 Rxa7 59. Rxa7
g1=Q 0-1

[Event "Hillerod Byturnering Mesterklassen 2012"]
[Site "Hillerod"]
[Date "2012.06.05"]
[Round "5"]
[White "Sorensen, Per Settergren"]
[Black "Knudsen, Jes West"]
[Result "0-1"]
[WhiteElo "2069"]
[BlackElo "1913"]
[PlyCount "76"]
[EventDate "2012.??.??"]

1. e4 d5 2. exd5 Nf6 3. Nf3 Nxd5 4. d4 Bg4 5. Be2 Nc6 6. O-O Qd6 7. g3 O-O-O 8.
c4 Nf6 9. Bf4 Qd7 10. d5 Bxf3 11. Bxf3 Qf5 12. dxc6 Rxd1 13. cxb7+ Kb8 14. Rxd1
Nd7 15. Bc6 e5 16. Rxd7 Bc5 17. Be3 Bxe3 18. fxe3 Qe6 19. Ba4 Qb6 20. Nc3 Qxe3+
21. Kg2 f5 22. Rad1 e4 23. Bc6 Qf3+ 24. Kg1 Qe3+ 25. Kf1 Qf3+ 26. Ke1 Qh1+ 27.
Ke2 Qxh2+ 28. Ke3 Qh6+ 29. Kf2 Qxc6 30. b3 Re8 31. Rd8+ Rxd8 32. Rxd8+ Kxb7 33.
Rd5 Qh6 34. Ne2 Qh5 35. Nd4 Qh2+ 36. Kf1 f4 37. gxf4 e3 38. Rb5+ Kc8 0-1

[Event "Hillerod Byturnering Mesterklassen 2012"]
[Site "Hillerod"]
[Date "2012.06.05"]
[Round "5"]
[White "Andersen, Ib Hother"]
[Black "Tandrup, Michael"]
[Result "1/2-1/2"]
[WhiteElo "2201"]
[BlackElo "1960"]
[PlyCount "66"]
[EventDate "2012.??.??"]

1. e4 e6 2. d4 d5 3. Nc3 dxe4 4. Nxe4 Be7 5. Nf3 Nf6 6. Bd3 Nbd7 7. Qe2 O-O 8.
Bg5 Nd5 9. O-O-O Bxg5+ 10. Nexg5 N7f6 11. Rhe1 Nf4 12. Qf1 Nxd3+ 13. Qxd3 h6
14. Ne4 b6 15. Ne5 Bb7 16. Nxf6+ Qxf6 17. Qg3 Rad8 18. h4 Qe7 19. f3 c5 20.
dxc5 Rxd1+ 21. Rxd1 Qxc5 22. Qf4 Qf2 23. Qd4 Qxd4 24. Rxd4 Bd5 25. c4 Rc8 26.
Kd2 Bc6 27. Kd3 Be8 28. Kc3 f6 29. Nd3 e5 30. Rd6 Kf8 31. Nb4 b5 32. b3 bxc4
33. bxc4 Bb5 1/2-1/2

[Event "Hillerod Byturnering Mesterklassen 2012"]
[Site "Hillerod"]
[Date "2012.06.05"]
[Round "5"]
[White "Percivaldi, Martin"]
[Black "Pedersen, Christopher RNH"]
[Result "1-0"]
[WhiteElo "1881"]
[BlackElo "2062"]
[PlyCount "85"]
[EventDate "2012.??.??"]

1. Nf3 b6 2. g3 Bb7 3. Bg2 e5 4. d3 f5 5. O-O d6 6. c4 Be7 7. Nc3 Nf6 8. Rb1 a5
9. a3 O-O 10. b4 Qe8 11. Bd2 axb4 12. axb4 Qh5 13. Qb3 Kh8 14. Rfe1 Nc6 15. Nd5
e4 16. Nf4 Qe8 17. Ng5 h6 18. Nge6 Rc8 19. Nxf8 Bxf8 20. Bc3 e3 21. f3 Qf7 22.
d4 g5 23. Nd3 f4 24. d5 Ne7 25. gxf4 Bg7 26. fxg5 hxg5 27. b5 Qh5 28. Qb2 Rf8
29. Rf1 Qh4 30. Ra1 Qxc4 31. f4 Bxd5 32. Rfc1 Qb3 33. fxg5 Qxb2 34. Bxb2 Ne8
35. Bxg7+ Kxg7 36. Ra4 Bxg2 37. Kxg2 Rf5 38. h4 Nd5 39. Kg3 Kf7 40. Kg4 Ne7 41.
Re4 Rxb5 42. Rf1+ Nf5 43. Rxf5+ 1-0

[Event "Hillerod Byturnering Mesterklassen 2012"]
[Site "Hillerod"]
[Date "2012.06.12"]
[Round "6"]
[White "Tandrup, Michael"]
[Black "Pedersen, Christopher RNH"]
[Result "0-1"]
[WhiteElo "1960"]
[BlackElo "2062"]
[PlyCount "73"]
[EventDate "2012.??.??"]

1. c4 g6 2. g3 Bg7 3. Bg2 d6 4. Nc3 Nc6 5. d3 e5 6. e4 Nge7 7. Nge2 O-O 8. O-O
f5 9. Nd5 Nxd5 10. exd5 Nb8 11. f4 c6 12. Rb1 a5 13. Be3 Qe7 14. Qd2 Re8 15.
Rbe1 cxd5 16. Bxd5+ Be6 17. Nc3 Nc6 18. Bxe6+ Qxe6 19. Nd5 Qf7 20. a4 e4 21. b3
Nb4 22. dxe4 Rxe4 23. Nxb4 axb4 24. Qxd6 Bc3 25. Bf2 Bxe1 26. Rxe1 Rae8 27.
Rxe4 Rxe4 28. Qxb4 Qd7 29. Qb6 Kg7 30. a5 Kh6 31. Qf6 Qd3 32. h3 Re8 33. Kg2
Qxb3 34. g4 fxg4 35. hxg4 Qxc4 36. f5 Qxg4+ 37. Kf1 0-1

[Event "Hillerod Byturnering Mesterklassen 2012"]
[Site "Hillerod"]
[Date "2012.06.12"]
[Round "6"]
[White "Andersen, Ib Hother"]
[Black "Petersen, Peter Birk"]
[Result "0-1"]
[WhiteElo "2201"]
[BlackElo "2153"]
[PlyCount "62"]
[EventDate "2012.??.??"]

1. e4 c5 2. Nf3 e6 3. d4 cxd4 4. Nxd4 Nc6 5. Nc3 Qc7 6. Ndb5 Qb8 7. Be3 d6 8.
a4 Nf6 9. Be2 Be7 10. O-O O-O 11. f4 b6 12. g4 a6 13. Nd4 Bb7 14. Nb3 Nb4 15.
Nd2 d5 16. e5 Nd7 17. Nb3 Nc5 18. Nd4 Ne4 19. Nb1 Qc7 20. c3 Nc6 21. Nd2 Nxd4
22. cxd4 Rfc8 23. Bd3 Qd7 24. Qf3 f5 25. exf6 Nxd2 26. Bxd2 Bxf6 27. Be3 Rc4
28. Bxc4 dxc4 29. Qg3 Qd5 30. Rfd1 Bh4 31. Qxh4 Qg2# 0-1

[Event "Hillerod Byturnering Mesterklassen 2012"]
[Site "Hillerod"]
[Date "2012.06.12"]
[Round "6"]
[White "Knudsen, Jes West"]
[Black "Percivaldi, Martin"]
[Result "1-0"]
[WhiteElo "1913"]
[BlackElo "1881"]
[PlyCount "109"]
[EventDate "2012.??.??"]

1. e4 e6 2. d3 d5 3. Nd2 c5 4. g3 Nc6 5. Bg2 g6 6. f4 Bg7 7. Nh3 Nge7 8. O-O
O-O 9. g4 f5 10. gxf5 exf5 11. e5 Nd4 12. c4 Be6 13. Ng5 Qd7 14. Nb3 b6 15.
Nxd4 cxd4 16. b3 Rad8 17. Ba3 dxc4 18. bxc4 Kh8 19. Nxe6 Qxe6 20. Qa4 Qd7 21.
Qxd7 Rxd7 22. e6 Rc7 23. Bd6 Rfc8 24. Bxc7 Rxc7 25. Rab1 Bh6 26. h4 Kg7 27. a4
Kf6 28. a5 Nc8 29. Bd5 Bf8 30. Rb5 Bc5 31. Kg2 Ne7 32. axb6 axb6 33. Re1 Ra7
34. Reb1 Rc7 35. Ra1 Nc8 36. Ra6 Ke7 37. Ra8 Kd6 38. Rb1 h5 39. Kf3 Ke7 40. Rg1
Kf6 41. Rb8 Bd6 42. Rb7 Ne7 43. Rxb6 Bc5 44. Rb5 Bd6 45. Rb6 Bc5 46. Ra6 Rc8
47. Rb1 Rd8 48. Rb7 Rc8 49. Rd7 Rb8 50. Rc6 Ba3 51. c5 Rf8 52. Rcc7 Nxd5 53.
Rxd5 Bb4 54. Rxd4 Ba5 55. Ra7 1-0

[Event "Hillerod Byturnering Mesterklassen 2012"]
[Site "Hillerod"]
[Date "2012.06.19"]
[Round "7"]
[White "Sorensen, Per Settergren"]
[Black "Andersen, Ib Hother"]
[Result "1-0"]
[WhiteElo "2069"]
[BlackElo "2201"]
[PlyCount "107"]
[EventDate "2012.??.??"]

1. e4 e5 2. Nf3 Nc6 3. Bb5 a6 4. Ba4 d6 5. O-O Nf6 6. d4 b5 7. Bb3 Nxd4 8. Nxd4
exd4 9. c3 Bb7 10. cxd4 Nxe4 11. Re1 Be7 12. Qf3 d5 13. Rxe4 dxe4 14. Qxf7+ Kd7
15. Qe6+ Ke8 16. Qf7+ Kd7 17. Be6+ Kc6 18. Be3 Kb6 19. d5+ Bc5 20. Bxc5+ Kxc5
21. Nd2 Kb6 22. Rc1 Bc8 23. Nxe4 Bxe6 24. Qxe6+ Ka7 25. Qc6 Rb8 26. Qxc7+ Qxc7
27. Rxc7+ Rb7 28. Rc6 Rd8 29. d6 Rbd7 30. f3 Kb7 31. Rc3 Kb6 32. Kf2 Rxd6 33.
Nxd6 Rxd6 34. Rc2 b4 35. Ke3 a5 36. b3 Rd7 37. h4 a4 38. bxa4 Ka5 39. h5 h6 40.
f4 Kxa4 41. g4 Ka3 42. Ke4 Re7+ 43. Kf3 Rf7 44. Kg3 Rd7 45. g5 hxg5 46. fxg5
Rf7 47. Kg4 Rd7 48. Kf5 Re7 49. Kg6 Rd7 50. h6 gxh6 51. Kxh6 Rd1 52. g6 Rh1+
53. Kg7 Ra1 54. Kh8 1-0

[Event "Hillerod Byturnering Mesterklassen 2012"]
[Site "Hillerod"]
[Date "2012.06.19"]
[Round "7"]
[White "Petersen, Peter Birk"]
[Black "Tandrup, Michael"]
[Result "1-0"]
[WhiteElo "2153"]
[BlackElo "1960"]
[PlyCount "57"]
[EventDate "2012.??.??"]

1. e4 c5 2. Nf3 Nc6 3. Nc3 e6 4. d4 cxd4 5. Nxd4 a6 6. Be3 Qc7 7. Be2 Nf6 8.
O-O Be7 9. f4 O-O 10. Kh1 b5 11. e5 Ne8 12. Nxc6 dxc6 13. Bf3 Bb7 14. Qe1 c5
15. Ne4 Rc8 16. Rd1 g6 17. Bd2 b4 18. c3 a5 19. Be3 Bxe4 20. Bxe4 Ng7 21. g4
Rfd8 22. c4 Rxd1 23. Qxd1 Rd8 24. Qf3 Qd7 25. Qf2 Qc8 26. b3 Ne8 27. f5 Qc7 28.
fxg6 fxg6 29. Bh6 1-0